[Event "21. Copenhagen Open  (Politiken Cup)"]
[Site "Copenhagen"]
[Date "1999.07.04"]
[Round "2"]
[White "Moller, Arne"]
[Black "Ingolfsdottir, Harpa"]
[Result "0-1"]
[WhiteElo "1865"]
[BlackElo "1495"]
[PlyCount "110"]
[EventDate "1999.07.03"]
[EventType "swiss"]
[EventRounds "11"]
[EventCountry "DEN"]
[SourceDate "2004.01.01"]

1. e4 e6 2. d4 d5 3. Nc3 Bb4 4. e5 c5 5. Bb5+ Bd7 6. Bxd7+ Nxd7 7. Nf3 Qc7 8.
Be3 Ne7 9. a3 cxd4 10. Bxd4 Bxc3+ 11. Bxc3 Nc6 12. Qe2 Rc8 13. Rc1 O-O 14. O-O
Qb6 15. Rfd1 Nc5 16. Nd4 Ne7 17. Qb5 Qc7 18. Bb4 Ng6 19. Nf3 a6 20. Qe2 Rfd8
21. Rd4 Nb3 22. Rdd1 Nxc1 23. Rxc1 Qc4 24. Qd2 Qe4 25. Bc3 Nf4 26. Re1 Qf5 27.
g3 Ng6 28. Kg2 Rc4 29. Nd4 Qh5 30. b3 Rcc8 31. f4 Qg4 32. Ba5 Rd7 33. Nf3 Ne7
34. h3 Qg6 35. c3 h5 36. Nh4 Qh6 37. Bb6 Qh7 38. Bd4 Nc6 39. Be3 d4 40. Bf2 b5
41. Nf3 Na5 42. Ng5 Qf5 43. Qe2 dxc3 44. Qxh5 Rd2 45. g4 Qg6 46. Qh4 c2 47. Ne4
Rd1 48. f5 exf5 49. Nd6 Rf8 50. Nxf5 Qh7 51. Qg5 Nxb3 52. e6 Rxe1 53. e7 Re8
54. Be3 Rxe3 55. Qxe3 c1=Q 0-1

[Event "21. Copenhagen Open  (Politiken Cup)"]
[Site "Copenhagen"]
[Date "1999.07.04"]
[Round "2"]
[White "Nielsen, Morten"]
[Black "Kristjansson, Stefan"]
[Result "0-1"]
[WhiteElo "2077"]
[BlackElo "2278"]
[PlyCount "80"]
[EventDate "1999.07.03"]
[EventType "swiss"]
[EventRounds "11"]
[EventCountry "DEN"]
[SourceDate "2004.01.01"]

1. e4 e6 2. d4 d5 3. Nd2 Nf6 4. e5 Nfd7 5. Bd3 c5 6. c3 Nc6 7. Ne2 cxd4 8. cxd4
f6 9. exf6 Nxf6 10. Nf3 Bd6 11. O-O Qc7 12. Nc3 a6 13. Re1 O-O 14. a3 Bd7 15.
Bc2 b5 16. Qd3 b4 17. Bg5 bxc3 18. Bxf6 g6 19. Be5 cxb2 20. Bxd6 bxa1=Q 21.
Bxc7 Rxf3 22. Rxa1 Rxd3 23. Bxd3 Nxd4 24. Be5 Nc6 25. Bd6 e5 26. f3 Kf7 27. Re1
Kf6 28. g4 h6 29. h4 a5 30. Kf2 Re8 31. g5+ hxg5 32. hxg5+ Kf7 33. Rh1 e4 34.
fxe4 dxe4 35. Bc4+ Be6 36. Bxe6+ Kxe6 37. Bf4 Kf5 38. Be3 Ne5 39. Rh7 Rc8 40.
Bd2 Rc2 0-1

[Event "21. Copenhagen Open  (Politiken Cup)"]
[Site "Copenhagen"]
[Date "1999.07.04"]
[Round "2"]
[White "Nilsson, Nils Specht"]
[Black "Jakobsen, Ole"]
[Result "1/2-1/2"]
[WhiteElo "2194"]
[BlackElo "2398"]
[PlyCount "149"]
[EventDate "1999.07.03"]
[EventType "swiss"]
[EventRounds "11"]
[EventCountry "DEN"]
[SourceDate "2004.01.01"]

1. e4 c5 2. c4 Nc6 3. d3 g6 4. Nc3 Bg7 5. f4 d6 6. Nf3 Nf6 7. Be2 O-O 8. O-O a6
9. Kh1 Rb8 10. a4 Ne8 11. Be3 Nd4 12. Bg1 Nc7 13. Nxd4 cxd4 14. Nd5 b5 15. axb5
axb5 16. Ra7 Nxd5 17. cxd5 Qb6 18. Qa1 Rb7 19. Rxb7 Bxb7 20. Rc1 f5 21. exf5
Bxd5 22. Rf1 Qb7 23. Bf3 Rxf5 24. Bxd5+ Qxd5 25. Qc1 e5 26. fxe5 Rxf1 27. Qxf1
dxe5 28. Qf3 Qxf3 29. gxf3 Kf7 30. Kg2 Bh6 31. Bf2 Bc1 32. b3 Bd2 33. Kf1 Ke6
34. Ke2 Bf4 35. h3 Kf5 36. Be1 g5 37. Kf1 Bc1 38. Bb4 Kf4 39. Kf2 Be3+ 40. Kg2
h5 41. Bd6 Bd2 42. Kf2 Bc3 43. Bf8 Ba5 44. Ba3 Kf5 45. Ke2 Bc3 46. Bc1 Bb4 47.
Kf2 Be7 48. Ke2 Bc5 49. Kf2 Bf8 50. Kg3 Bb4 51. Kf2 Kg6 52. Ke2 Bf8 53. Kf2 Bd6
54. Ke2 Kf5 55. Kf2 Bb4 56. Ke2 Bc3 57. Kf2 Ba5 58. Ke2 Bd8 59. Kf2 g4 60.
hxg4+ hxg4 61. Kg3 gxf3 62. Kxf3 Be7 63. Bd2 Ba3 64. Bh6 Bb2 65. Bg7 Bc1 66.
Bf8 Bg5 67. Bg7 Be3 68. Bf8 Bg5 69. Bg7 Bc1 70. Bf8 Bb2 71. Bg7 Bc3 72. Bf8 b4
73. Bh6 Be1 74. Bf8 Bd2 75. Ke2 1/2-1/2

[Event "21. Copenhagen Open  (Politiken Cup)"]
[Site "Copenhagen"]
[Date "1999.07.04"]
[Round "2"]
[White "Naes, Flovin Tor"]
[Black "Van Der Weide, Karel"]
[Result "1/2-1/2"]
[WhiteElo "2222"]
[BlackElo "2434"]
[PlyCount "91"]
[EventDate "1999.07.03"]
[EventType "swiss"]
[EventRounds "11"]
[EventCountry "DEN"]
[SourceDate "2004.01.01"]

1. e4 c5 2. Nc3 Nc6 3. g3 g6 4. Bg2 Bg7 5. d3 Rb8 6. f4 b5 7. e5 Nd4 8. Ne4 Bb7
9. Nf3 d6 10. Nxd4 cxd4 11. exd6 exd6 12. Qe2 Ne7 13. f5 gxf5 14. Ng5 Bxg2 15.
Qxg2 h6 16. Nf3 O-O 17. Qh3 Nd5 18. O-O Ne3 19. Bxe3 dxe3 20. Qxf5 Qb6 21. Qg4
Rbe8 22. Rae1 d5 23. c3 Qg6 24. Qxg6 fxg6 25. Re2 Rf6 26. Kg2 a5 27. a3 b4 28.
axb4 axb4 29. Nd4 Ra6 30. Rfe1 Ra2 31. Kf3 h5 32. Nb5 bxc3 33. bxc3 Raa8 34.
Nd4 Ra3 35. Nb5 Rb3 36. c4 Rxd3 37. cxd5 Rxd5 38. Nc7 Rf5+ 39. Kg2 Re7 40. Na6
Ra7 41. Nb8 Rf8 42. Nc6 Rc7 43. Nb4 Rcf7 44. Rxe3 Rf2+ 45. Kh1 Rd2 46. R1e2
1/2-1/2

[Event "21. Copenhagen Open  (Politiken Cup)"]
[Site "Copenhagen"]
[Date "1999.07.04"]
[Round "2"]
[White "Olsen, Claus"]
[Black "Lund, Thomas"]
[Result "1-0"]
[WhiteElo "2064"]
[BlackElo "1691"]
[PlyCount "65"]
[EventDate "1999.07.03"]
[EventType "swiss"]
[EventRounds "11"]
[EventCountry "DEN"]
[SourceDate "2004.01.01"]

1. e4 c5 2. Nc3 Nc6 3. g3 e6 4. Bg2 d6 5. d3 g6 6. h4 Bg7 7. Nh3 Bd7 8. O-O Rb8
9. Bg5 Bf6 10. Bxf6 Qxf6 11. f4 Qd4+ 12. Kh1 b5 13. a4 b4 14. Nb5 Qxb2 15.
Nxd6+ Ke7 16. Nc4 Qg7 17. Ng5 h6 18. Nf3 Nf6 19. Nfe5 Rhd8 20. Nxc6+ Bxc6 21.
Qe2 Nh5 22. Kh2 Qd4 23. Nd2 Kf8 24. Nb3 Qd6 25. Qe3 Nf6 26. Bf3 Nd7 27. f5 Kg7
28. fxe6 fxe6 29. Bg4 Rf8 30. d4 Nf6 31. Bf3 Bxe4 32. Nxc5 Nd5 33. Qxe4 1-0

[Event "21. Copenhagen Open  (Politiken Cup)"]
[Site "Copenhagen"]
[Date "1999.07.04"]
[Round "2"]
[White "Olsen, Heini"]
[Black "Brameld, Arthur F"]
[Result "1/2-1/2"]
[WhiteElo "2292"]
[BlackElo "2109"]
[PlyCount "93"]
[EventDate "1999.07.03"]
[EventType "swiss"]
[EventRounds "11"]
[EventCountry "DEN"]
[SourceDate "2004.01.01"]

1. Nf3 d5 2. d4 Nc6 3. Bf4 Bg4 4. e3 e6 5. c4 Nf6 6. Nc3 Bb4 7. h3 Bh5 8. a3
Bxc3+ 9. bxc3 O-O 10. Bg5 Re8 11. cxd5 exd5 12. Be2 Qd6 13. Bf4 Qe7 14. O-O Ne4
15. Qb3 Rad8 16. Qxb7 Nxc3 17. Bd3 Bxf3 18. gxf3 Qf6 19. Rac1 Rb8 20. Qxc7 Rb3
21. Qd7 Rd8 22. Qg4 h6 23. Rc2 Rxa3 24. Rfc1 Nb4 25. Be5 Qg5 26. Rxc3 Nxd3 27.
Rxa3 Nxc1 28. Rxa7 Nd3 29. Bc7 Rc8 30. Rb7 Ne1 31. Kf1 Qxg4 32. fxg4 Nf3 33.
Rb8 Rxb8 34. Bxb8 Ng5 35. Kg2 f6 36. f3 Kf7 37. Kg3 Ke6 38. h4 Nf7 39. Ba7 Nd6
40. Bc5 Nc4 41. e4 dxe4 42. fxe4 Nd2 43. Kf4 g5+ 44. Ke3 Nf1+ 45. Kf2 Nd2 46.
Ke3 Nf1+ 47. Kf2 1/2-1/2

[Event "21. Copenhagen Open  (Politiken Cup)"]
[Site "Copenhagen"]
[Date "1999.07.04"]
[Round "2"]
[White "Pedersen, Bent O"]
[Black "Olsen, Miriam Frida"]
[Result "1-0"]
[WhiteElo "1702"]
[BlackElo "1000"]
[PlyCount "117"]
[EventDate "1999.07.03"]
[EventType "swiss"]
[EventRounds "11"]
[EventCountry "DEN"]
[SourceDate "2004.01.01"]

1. e4 c5 2. Nf3 d6 3. d4 cxd4 4. Nxd4 Nf6 5. Nc3 g6 6. Bg5 Bg7 7. Qd2 O-O 8. f3
Nc6 9. O-O-O Nxe4 10. Nxc6 Nxd2 11. Nxd8 Nxf1 12. Rhxf1 f6 13. Bh4 Rxd8 14. Nd5
Be6 15. Nxe7+ Kf7 16. Nd5 Rac8 17. Rfe1 Rc5 18. Nc3 Rc4 19. Bf2 a5 20. Nb5 d5
21. Nd4 Bd7 22. Rd3 Rdc8 23. Kb1 f5 24. c3 f4 25. Bh4 Re8 26. Rxe8 Kxe8 27. Rd2
Bxd4 28. Rxd4 Rc6 29. Rxd5 Re6 30. Rd2 Re5 31. Kc1 Rh5 32. Re2+ Kf8 33. Be7+
Kf7 34. h3 Be6 35. Bd6 Rg5 36. Bxf4 Bc4 37. Rd2 Rf5 38. Rd4 Bxa2 39. Bc7 Be6
40. f4 g5 41. g4 Rc5 42. Bd6 Rb5 43. f5 Bd5 44. Bg3 Bg2 45. h4 h6 46. Rd7+ Kf6
47. Rd6+ Kf7 48. Rxh6 gxh4 49. Bxh4 Bf3 50. Rf6+ Kg7 51. Rg6+ Kf7 52. Rf6+ Kg7
53. Rd6 Kf7 54. Rd4 Rb6 55. g5 Rb5 56. g6+ Kg7 57. Rd7+ Kg8 58. f6 Rf5 59. Rd8#
1-0

[Event "21. Copenhagen Open  (Politiken Cup)"]
[Site "Copenhagen"]
[Date "1999.07.04"]
[Round "2"]
[White "Pedersen, Kaj Vinding"]
[Black "Howe, Dennis"]
[Result "0-1"]
[WhiteElo "1497"]
[BlackElo "1919"]
[PlyCount "58"]
[EventDate "1999.07.03"]
[EventType "swiss"]
[EventRounds "11"]
[EventCountry "DEN"]
[SourceDate "2004.01.01"]

1. d4 d5 2. Nf3 Nf6 3. Bf4 Bf5 4. e3 e6 5. Be2 Bd6 6. Bg3 c5 7. c3 Nc6 8. Qa4
a6 9. Bxd6 Qxd6 10. Ne5 O-O 11. Nxc6 bxc6 12. dxc5 Qxc5 13. Qd4 Qa5 14. Qb4
Qxb4 15. cxb4 Rfb8 16. a3 a5 17. b5 cxb5 18. Nc3 b4 19. Nb5 bxa3 20. bxa3 Ne4
21. f3 Nc5 22. a4 Bd3 23. Bxd3 Nxd3+ 24. Kd2 Nb2 25. Nd4 Nc4+ 26. Kd3 Rb2 27.
g4 Rc8 28. f4 Rg2 29. g5 Nb2# 0-1

[Event "21. Copenhagen Open  (Politiken Cup)"]
[Site "Copenhagen"]
[Date "1999.07.04"]
[Round "2"]
[White "Pedersen, Steen"]
[Black "Fant, Goran"]
[Result "0-1"]
[WhiteElo "1677"]
[BlackElo "2066"]
[PlyCount "31"]
[EventDate "1999.07.03"]
[EventType "swiss"]
[EventRounds "11"]
[EventCountry "DEN"]
[SourceDate "2004.01.01"]

1. e4 e6 2. d4 d5 3. exd5 exd5 4. c4 Nc6 5. Nc3 Nge7 6. Be3 Be6 7. Qb3 Na5 8.
Qa4+ c6 9. cxd5 Nxd5 10. Nxd5 Bxd5 11. Bd2 Nc4 12. Bxc4 Bxg2 13. O-O-O b5 14.
Bxf7+ Kxf7 15. Qb3+ Qd5 16. Qg3 0-1

[Event "21. Copenhagen Open  (Politiken Cup)"]
[Site "Copenhagen"]
[Date "1999.07.04"]
[Round "2"]
[White "Pedersen, Torben"]
[Black "Steindorsson, Sigurour P"]
[Result "0-1"]
[WhiteElo "1625"]
[BlackElo "2052"]
[PlyCount "74"]
[EventDate "1999.07.03"]
[EventType "swiss"]
[EventRounds "11"]
[EventCountry "DEN"]
[SourceDate "2004.01.01"]

1. e4 c5 2. Nf3 d6 3. Bc4 e6 4. Nc3 Nf6 5. O-O a6 6. a4 Be7 7. d4 cxd4 8. Nxd4
O-O 9. Bd3 Nbd7 10. Nf3 b6 11. Ne2 Bb7 12. Ng3 Nc5 13. Re1 Qc7 14. b4 Nxd3 15.
cxd3 Rfc8 16. Bb2 Qc2 17. Bd4 d5 18. Bxf6 Bxf6 19. e5 Be7 20. b5 Bb4 21. Nd4
Qb2 22. Qg4 Bxe1 23. Rxe1 Qd2 24. Nf3 Qxd3 25. Nh4 Qc3 26. Nf3 Rc4 27. Qg5 h6
28. Qe7 Rc7 29. Qh4 axb5 30. Nh5 Qd3 31. Nf6+ gxf6 32. exf6 Qg6 33. Ne5 Qg5 34.
Qb4 Rxa4 35. Qxb5 Qxe5 36. Qe8+ Kh7 37. Rf1 Ra1 0-1

[Event "21. Copenhagen Open  (Politiken Cup)"]
[Site "Copenhagen"]
[Date "1999.07.04"]
[Round "2"]
[White "Petersen, Lars"]
[Black "Nuoristo, Peter"]
[Result "1-0"]
[WhiteElo "2096"]
[BlackElo "2266"]
[PlyCount "80"]
[EventDate "1999.07.03"]
[EventType "swiss"]
[EventRounds "11"]
[EventCountry "DEN"]
[SourceDate "2004.01.01"]

1. d4 Nf6 2. Nf3 d6 3. Bf4 Nbd7 4. h3 e6 5. Nbd2 Be7 6. e3 O-O 7. Bd3 Re8 8. c3
Bf8 9. e4 e5 10. Be3 c6 11. Qc2 Qc7 12. O-O h6 13. Rfe1 g5 14. Nf1 Nh5 15. Ng3
Ndf6 16. Nxh5 Nxh5 17. dxe5 dxe5 18. Bc4 Qe7 19. Nh2 Nf4 20. Rad1 Qf6 21. Bxf4
gxf4 22. Qe2 b5 23. Bb3 Qg6 24. Qf3 Kg7 25. Rd2 Be7 26. Red1 h5 27. Kh1 a5 28.
a3 a4 29. Ba2 Rh8 30. Rg1 Bg4 31. Qd3 Rad8 32. Qc2 Rxd2 33. Qxd2 Rd8 34. Qc2 f5
35. f3 fxe4 36. fxg4 hxg4 37. Nxg4 Qxg4 38. Qxe4 Bf6 39. Rf1 Qg6 40. Qxc6 Qe8
1-0

[Event "21. Copenhagen Open  (Politiken Cup)"]
[Site "Copenhagen"]
[Date "1999.07.04"]
[Round "2"]
[White "Petersen, Nils"]
[Black "Bekker Jensen, David"]
[Result "0-1"]
[WhiteElo "2067"]
[BlackElo "2264"]
[PlyCount "108"]
[EventDate "1999.07.03"]
[EventType "swiss"]
[EventRounds "11"]
[EventCountry "DEN"]
[SourceDate "2004.01.01"]

1. c4 Nf6 2. Nc3 g6 3. e4 d6 4. g3 Bg7 5. Bg2 O-O 6. Nge2 c5 7. O-O Nc6 8. h3
a6 9. d3 Rb8 10. a4 Ne8 11. Be3 Nd4 12. Bxd4 cxd4 13. Nb1 b5 14. axb5 axb5 15.
b3 Nc7 16. Na3 f5 17. f3 bxc4 18. bxc4 fxe4 19. fxe4 e5 20. Rb1 Ra8 21. Qb3 Ne6
22. Rxf8+ Bxf8 23. Nb5 Kh8 24. Nc1 Qg5 25. Kh2 Qh5 26. Qc2 Ng5 27. Qe2 Qh6 28.
h4 Ne6 29. Bh3 g5 30. h5 Bd7 31. Bf5 g4 32. Kg1 Be7 33. Bxe6 Bxe6 34. Nc7 Rg8
35. Nxe6 Qxe6 36. Rb7 Bg5 37. Rb1 Qh6 38. Nb3 Qxh5 39. Qh2 Be3+ 40. Kg2 Qg6 41.
Qh4 Qg7 42. Na5 Rf8 43. Rb7 Qg6 44. Rd7 Rf2+ 45. Kh1 Bg5 46. Rxd6 Bxh4 47. Rxg6
hxg6 48. gxh4 Rd2 49. Nc6 Rxd3 50. Nxe5 Re3 51. c5 Rxe4 52. Nf7+ Kg7 53. Nd6
Re1+ 54. Kg2 d3 0-1

[Event "21. Copenhagen Open  (Politiken Cup)"]
[Site "Copenhagen"]
[Date "1999.07.04"]
[Round "2"]
[White "Petersen, Peter Birk"]
[Black "Pedersen, Steffen"]
[Result "0-1"]
[WhiteElo "2205"]
[BlackElo "2427"]
[PlyCount "102"]
[EventDate "1999.07.03"]
[EventType "swiss"]
[EventRounds "11"]
[EventCountry "DEN"]
[SourceDate "2004.01.01"]

1. e4 e6 2. d4 d5 3. e5 c5 4. c3 Nc6 5. Be3 Nge7 6. Nf3 Nf5 7. Bd3 cxd4 8. cxd4
Be7 9. O-O O-O 10. Nc3 Nxe3 11. fxe3 f5 12. exf6 Bxf6 13. Qc2 h6 14. a3 Qe7 15.
Rf2 Bd7 16. Raf1 g5 17. h3 Qg7 18. Bb5 Rac8 19. Qd3 Be8 20. Na4 a6 21. Bxc6
Bxc6 22. Nc3 h5 23. g4 h4 24. a4 Qh6 25. b4 Kg7 26. b5 axb5 27. axb5 Be8 28.
Na4 Be7 29. Nc5 b6 30. Na4 Bd6 31. Ne5 Rxf2 32. Rxf2 Bxe5 33. dxe5 Qg6 34. Qa3
Bxb5 35. Qe7+ Kg8 36. Nc3 Re8 37. Qf6 Bd3 38. e4 Qxf6 39. exf6 Rc8 40. exd5
Rxc3 41. dxe6 Rc1+ 42. Kh2 Re1 43. Rf3 Bc4 44. e7 Kf7 45. Rf5 b5 46. Rxg5 Kxf6
47. Rh5 Rxe7 48. Rxh4 Rb7 49. Kg3 Kg6 50. Rh8 b4 51. Rc8 b3 0-1

[Event "21. Copenhagen Open  (Politiken Cup)"]
[Site "Copenhagen"]
[Date "1999.07.04"]
[Round "2"]
[White "Petersen, Steen"]
[Black "Hedman, Erik"]
[Result "1-0"]
[WhiteElo "2166"]
[BlackElo "2348"]
[PlyCount "71"]
[EventDate "1999.07.03"]
[EventType "swiss"]
[EventRounds "11"]
[EventCountry "DEN"]
[SourceDate "2004.01.01"]

1. e4 e6 2. d3 d5 3. Nd2 Nf6 4. Ngf3 Nc6 5. c3 dxe4 6. dxe4 e5 7. Bc4 Bc5 8.
O-O O-O 9. b4 Bd6 10. Re1 a5 11. b5 Nb8 12. a4 Nbd7 13. Nf1 Nc5 14. Ng3 h6 15.
Ra2 Nfd7 16. Be3 Nb6 17. Bd5 Qf6 18. h3 Rd8 19. Nh5 Qe7 20. Qc2 Kh8 21. Rd1 f5
22. exf5 Nxd5 23. Rxd5 Qf7 24. f6 Qxh5 25. Nxe5 Bf5 26. Nf7+ Qxf7 27. Rxf5 g6
28. Rxc5 Bxc5 29. Bxc5 Rd7 30. Bd4 Re8 31. Ra1 Kh7 32. Rd1 Red8 33. h4 h5 34.
Re1 c6 35. Re5 Rd5 36. Re7 1-0

[Event "21. Copenhagen Open  (Politiken Cup)"]
[Site "Copenhagen"]
[Date "1999.07.04"]
[Round "2"]
[White "Rasmussen, Morten Fredsgaard"]
[Black "Elakany, Mohammed"]
[Result "1-0"]
[WhiteElo "1771"]
[BlackElo "1172"]
[PlyCount "59"]
[EventDate "1999.07.03"]
[EventType "swiss"]
[EventRounds "11"]
[EventCountry "DEN"]
[SourceDate "2004.01.01"]

1. f4 e6 2. Nf3 Bc5 3. e3 Nf6 4. b3 Nc6 5. Bb2 O-O 6. Bd3 d6 7. O-O Re8 8. Nc3
e5 9. fxe5 dxe5 10. Ne4 Nxe4 11. Bxe4 Bg4 12. Qe1 Bd6 13. Qg3 Bxf3 14. Rxf3 Re7
15. Qf2 Qd7 16. Bd5 Rf8 17. e4 b6 18. Kh1 Bc5 19. Bxc6 Qxc6 20. Qh4 Bd6 21. c4
b5 22. Rc1 Bb4 23. c5 Rd7 24. d3 Rfd8 25. Rcf1 Rxd3 26. Rxf7 h5 27. Qe7 Qe8 28.
Rxg7+ Kh8 29. Rh7+ Kg8 30. Qg7# 1-0

[Event "21. Copenhagen Open  (Politiken Cup)"]
[Site "Copenhagen"]
[Date "1999.07.04"]
[Round "2"]
[White "Raunkjaer, Jonas"]
[Black "Jensen, Jannick"]
[Result "1-0"]
[WhiteElo "1607"]
[BlackElo "1967"]
[PlyCount "65"]
[EventDate "1999.07.03"]
[EventType "swiss"]
[EventRounds "11"]
[EventCountry "DEN"]
[SourceDate "2004.01.01"]

1. e4 c5 2. Nf3 d6 3. d4 cxd4 4. Nxd4 Nf6 5. Nc3 a6 6. Be2 e5 7. Nb3 Be7 8. Be3
Be6 9. O-O O-O 10. f3 Nbd7 11. Qd2 Nb6 12. Rfd1 Qc7 13. Bd3 Nc4 14. Bxc4 Bxc4
15. Rac1 d5 16. Nxd5 Nxd5 17. exd5 Rfd8 18. Qa5 Qxa5 19. Nxa5 Bxd5 20. c4 Be6
21. Rxd8+ Rxd8 22. Nxb7 Rd3 23. Bb6 Rd2 24. c5 Rxb2 25. Nd8 Bxa2 26. c6 Bxd8
27. Bxd8 Be6 28. Ba5 Rb5 29. c7 Bc8 30. Rd1 Kf8 31. Rd8+ Ke7 32. Rxc8 Rxa5 33.
Re8+ 1-0

[Event "21. Copenhagen Open  (Politiken Cup)"]
[Site "Copenhagen"]
[Date "1999.07.04"]
[Round "2"]
[White "Rossen, Claus"]
[Black "Brinck Claussen, Bjorn"]
[Result "1-0"]
[WhiteElo "2184"]
[BlackElo "2354"]
[PlyCount "51"]
[EventDate "1999.07.03"]
[EventType "swiss"]
[EventRounds "11"]
[EventCountry "DEN"]
[SourceDate "2004.01.01"]

1. e4 e6 2. d4 d5 3. exd5 exd5 4. Bd3 Nc6 5. c3 Bd6 6. Nf3 Nge7 7. O-O Bg4 8.
Re1 Qd7 9. b4 O-O 10. h3 Bf5 11. Ne5 Bxe5 12. dxe5 d4 13. b5 dxc3 14. bxc6 Qxd3
15. Qxd3 Bxd3 16. cxb7 Rab8 17. Nxc3 Rxb7 18. Ba3 c6 19. Rad1 Bg6 20. g4 Re8
21. f4 f5 22. e6 Rb6 23. Bxe7 Rxe7 24. gxf5 Be8 25. Rd8 Kf8 26. Ne4 1-0

[Event "21. Copenhagen Open  (Politiken Cup)"]
[Site "Copenhagen"]
[Date "1999.07.04"]
[Round "2"]
[White "Rubeksen, Thomas H"]
[Black "Dalso, Harry"]
[Result "0-1"]
[WhiteElo "1050"]
[BlackElo "1731"]
[PlyCount "58"]
[EventDate "1999.07.03"]
[EventType "swiss"]
[EventRounds "11"]
[EventCountry "DEN"]
[SourceDate "2004.01.01"]

1. e4 d6 2. Nc3 g6 3. Bc4 Bg7 4. d3 Nf6 5. Bg5 O-O 6. Qd2 c6 7. a3 Nbd7 8. Nge2
Ne5 9. Ba2 Bg4 10. O-O-O Bxe2 11. Qxe2 c5 12. f4 Nc6 13. Bxf6 Bxf6 14. Nd5 Bg7
15. c3 e6 16. Ne3 Re8 17. h4 b5 18. h5 b4 19. axb4 cxb4 20. cxb4 Nxb4 21. Bb1
Rc8+ 22. Nc2 Qa5 23. hxg6 hxg6 24. Rdf1 Qa1 25. Kd2 Qxb2 26. Rc1 Bd4 27. e5
Qc3+ 28. Kd1 Nxd3 29. g4 Nb2# 0-1

[Event "21. Copenhagen Open  (Politiken Cup)"]
[Site "Copenhagen"]
[Date "1999.07.04"]
[Round "2"]
[White "Ronsted, Torben"]
[Black "Nielsen, Nicholas Roland"]
[Result "1-0"]
[WhiteElo "1915"]
[BlackElo "1538"]
[PlyCount "21"]
[EventDate "1999.07.03"]
[EventType "swiss"]
[EventRounds "11"]
[EventCountry "DEN"]
[SourceDate "2004.01.01"]

1. d4 Nf6 2. c4 e5 3. dxe5 Ne4 4. Qc2 Bb4+ 5. Bd2 Nxd2 6. Nxd2 Nc6 7. Ngf3 Qe7
8. g3 Nxe5 9. Bg2 Nxf3+ 10. Bxf3 d6 11. Qa4+ 1-0

[Event "21. Copenhagen Open  (Politiken Cup)"]
[Site "Copenhagen"]
[Date "1999.07.04"]
[Round "2"]
[White "Samuelsen, Carl Eli"]
[Black "Hjortskov, Kjeld"]
[Result "1-0"]
[WhiteElo "2060"]
[BlackElo "1655"]
[PlyCount "69"]
[EventDate "1999.07.03"]
[EventType "swiss"]
[EventRounds "11"]
[EventCountry "DEN"]
[SourceDate "2004.01.01"]

1. d4 d5 2. c4 c6 3. Nc3 Nf6 4. cxd5 cxd5 5. Bg5 e6 6. e3 Nc6 7. Rc1 h6 8. Bh4
a6 9. Bd3 Be7 10. Bxf6 Bxf6 11. f4 Qb6 12. Qe2 O-O 13. Nf3 Bd7 14. O-O Rac8 15.
Bb1 Be7 16. g4 g6 17. f5 Kg7 18. fxg6 fxg6 19. h4 Qd8 20. h5 Be8 21. hxg6 Bxg6
22. Bxg6 Kxg6 23. Qh2 Bg5 24. Qh5+ Kg7 25. Rce1 Qe7 26. Kg2 Rf7 27. Nxg5 hxg5
28. Rxf7+ Qxf7 29. Qxg5+ Qg6 30. Qxg6+ Kxg6 31. Kg3 b5 32. Ne2 e5 33. Rc1 exd4
34. exd4 Nxd4 35. Nf4+ 1-0

[Event "21. Copenhagen Open  (Politiken Cup)"]
[Site "Copenhagen"]
[Date "1999.07.04"]
[Round "2"]
[White "Schmied, Andreas"]
[Black "Skytte, Rasmus"]
[Result "0-1"]
[WhiteElo "2162"]
[BlackElo "2338"]
[PlyCount "54"]
[EventDate "1999.07.03"]
[EventType "swiss"]
[EventRounds "11"]
[EventCountry "DEN"]
[SourceDate "2004.01.01"]

1. d4 Nf6 2. Nf3 d5 3. e3 Bf5 4. Be2 e6 5. O-O Nbd7 6. b3 c5 7. Bb2 Bd6 8. Nbd2
O-O 9. Ne5 cxd4 10. exd4 Qc7 11. Nxd7 Nxd7 12. Rc1 Bxh2+ 13. Kh1 Bd6 14. c4 Qd8
15. g3 Bh3 16. Re1 Nf6 17. Kh2 Bf5 18. Kg2 Ne4 19. Rh1 Qa5 20. Nxe4 Bxe4+ 21.
f3 Bg6 22. a3 dxc4 23. bxc4 Rad8 24. d5 Be7 25. Bd3 exd5 26. Bxg6 hxg6 27. Qd4
Bf6 0-1

[Event "21. Copenhagen Open  (Politiken Cup)"]
[Site "Copenhagen"]
[Date "1999.07.04"]
[Round "2"]
[White "Schneider, Stefan"]
[Black "Bogdanov, Dimitri"]
[Result "1-0"]
[WhiteElo "2353"]
[BlackElo "2175"]
[PlyCount "116"]
[EventDate "1999.07.03"]
[EventType "swiss"]
[EventRounds "11"]
[EventCountry "DEN"]
[SourceDate "2004.01.01"]

1. d4 g6 2. e4 Bg7 3. Nf3 d6 4. c3 Nf6 5. Bd3 O-O 6. O-O Nbd7 7. Nbd2 c6 8. a4
a5 9. Re1 e5 10. Nc4 exd4 11. Nxd4 Ne5 12. Nxe5 dxe5 13. Nf3 Nh5 14. Be3 Bg4
15. Bc5 Re8 16. h3 Nf4 17. Bf1 Bxf3 18. Qxf3 Bf8 19. Rad1 Qc7 20. Be3 Rad8 21.
Bc4 Ne6 22. h4 h5 23. Qg3 Kg7 24. Rxd8 Nxd8 25. f4 exf4 26. Bxf4 Bc5+ 27. Kh1
Qe7 28. Bg5 f6 29. Bf4 Ne6 30. e5 f5 31. Bxe6 Qxe6 32. Qg5 Rh8 33. Rd1 Be7 34.
Qg3 Rd8 35. Rxd8 Bxd8 36. Qe3 Kf7 37. Kh2 Bxh4 38. Qb6 Qd7 39. Qxa5 Bd8 40. Qb4
Be7 41. Qc4+ Qe6 42. Qd3 g5 43. Bg3 f4 44. Qh7+ Ke8 45. Qxh5+ Kd7 46. Bf2 Qxe5
47. Qd1+ Bd6 48. Qg4+ Kc7 49. Kg1 Qd5 50. Qe2 Qf5 51. Qd1 g4 52. Ba7 Bc5+ 53.
Bxc5 Qxc5+ 54. Kh2 Qf5 55. Kg1 f3 56. gxf3 g3 57. Kg2 Qf4 58. Qe2 Kb6 {time}
1-0

[Event "21. Copenhagen Open  (Politiken Cup)"]
[Site "Copenhagen"]
[Date "1999.07.04"]
[Round "2"]
[White "Schyberg, Brian"]
[Black "Rosenberg, Jan"]
[Result "1-0"]
[WhiteElo "1954"]
[BlackElo "1624"]
[PlyCount "143"]
[EventDate "1999.07.03"]
[EventType "swiss"]
[EventRounds "11"]
[EventCountry "DEN"]
[SourceDate "2004.01.01"]

1. d4 Nf6 2. Nc3 d5 3. e4 dxe4 4. f3 exf3 5. Nxf3 Bg4 6. h3 Bh5 7. g4 Bg6 8.
Ne5 Nbd7 9. Qf3 c6 10. Nxg6 hxg6 11. g5 Nh5 12. Bc4 e6 13. O-O Qe7 14. Be3 Nb6
15. Bb3 Qc7 16. Ne4 Nd5 17. Bd2 f5 18. gxf6 gxf6 19. Qg4 O-O-O 20. Qxe6+ Kb8
21. Rf3 Bg7 22. Bxd5 Rxd5 23. c3 Rdd8 24. Nf2 Rde8 25. Qg4 Ka8 26. Rf1 f5 27.
Qg2 Re2 28. Bc1 Rhe8 29. Qxg6 Nf6 30. Bg5 Rg8 31. Bxf6 Ree8 32. Bg5 Bxd4 33.
Qxe8+ Rxe8 34. cxd4 Qg7 35. h4 Qxd4 36. b3 Rg8 37. Kh2 Qb2 38. a4 Qe5+ 39. Kh3
Qh8 40. Rg1 Qd4 41. Rg2 Qd5 42. Rfg3 a5 43. Rd3 Qe6 44. Bf4 Rh8 45. Re3 Qf7 46.
Rg5 Qh7 47. h5 Qf7 48. Kh4 Qd5 49. Rd3 Qc5 50. Ne4 Qb4 51. Rxf5 Qe1+ 52. Ng3
Rg8 53. Re3 Qb4 54. Ree5 b6 55. Rf7 Rf8 56. Rxf8+ Qxf8 57. Rf5 Qd8+ 58. Kh3 Qd3
59. h6 Qd7 60. Kh4 c5 61. Kh5 Qe8+ 62. Kg4 Qe6 63. Nh5 Qg6+ 64. Rg5 Qe6+ 65.
Kh4 Qe1+ 66. Rg3 Qh1+ 67. Kg5 Qd5+ 68. Kg6 Qe4+ 69. Kg7 Qd4+ 70. Kh7 Kb7 71.
Rg7+ Kc6 72. Rc7+ 1-0

[Event "21. Copenhagen Open  (Politiken Cup)"]
[Site "Copenhagen"]
[Date "1999.07.04"]
[Round "2"]
[White "Simonsen, Hans Kristian"]
[Black "Laursen, Niels Norskov"]
[Result "0-1"]
[WhiteElo "1650"]
[BlackElo "2055"]
[PlyCount "62"]
[EventDate "1999.07.03"]
[EventType "swiss"]
[EventRounds "11"]
[EventCountry "DEN"]
[SourceDate "2004.01.01"]

1. Nf3 Nf6 2. d4 g6 3. c4 Bg7 4. Nc3 O-O 5. e4 d6 6. Be2 e5 7. O-O Na6 8. d5
Qe8 9. Ne1 Nd7 10. Be3 f5 11. f3 f4 12. Bf2 Rf7 13. Nd3 Bf8 14. b4 g5 15. g4
fxg3 16. hxg3 Rg7 17. Kg2 Nf6 18. g4 h5 19. Be3 Qg6 20. gxh5 Nxh5 21. Kf2 Be7
22. Rg1 g4 23. Ke1 g3 24. f4 Nxf4 25. Nxf4 exf4 26. Bxf4 Nxb4 27. Rb1 Na6 28.
Bh5 Qf6 29. Qf3 Qd4 30. Rd1 Qxg1+ 31. Ke2 Qf2+ 0-1